000 00571cam a2200145 4500500
005 20260208010201.0
041 _afre
042 _adc
100 1 0 _aRey, Pierre-Louis
_eauthor
245 0 0 _aÈVE MORISI, Albert Camus, le souci des autres. Paris, Classiques Garnier, 2013. Un vol. de 160 p.
260 _c2014.
500 _a2
786 0 _nRevue d'histoire littéraire de la France | 114 | 4 | 2014-12-01 | p. 947zj-1018zj | 0035-2411
856 4 1 _uhttps://shs.cairn.info/revue-d-histoire-litteraire-de-la-france-2014-4-page-947zj?lang=fr&redirect-ssocas=7080
999 _c1655461
_d1655461